书目信息 |
| 题名: |
生态背景下的园林景观设计
|
|
| 作者: | 李佳颖 著 | |
| 分册: | ||
| 出版信息: | 长春 吉林出版集团股份有限公司 2024.04 |
|
| 页数: | 200页 | |
| 开本: | 24cm | |
| 丛书名: | ||
| 单 册: | ||
| 中图分类: | TU986.2 | |
| 科图分类: | ||
| 主题词: | 园林设计--yuan lin she ji--景观设计 | |
| 电子资源: | ||
| ISBN: | 978-7-5731-4824-7 | |
| 000 | 00988nam0 2200253 450 | |
| 001 | 91099 | |
| 005 | 20250816161901.67 | |
| 010 | @a978-7-5731-4824-7@dCNY78.00 | |
| 099 | @aCAL 012025020246 | |
| 100 | @a20250308d2024 em y0chiy50 ea | |
| 101 | 0 | @achi |
| 102 | @aCN@b220000 | |
| 105 | @ay a 000yy | |
| 106 | @ar | |
| 200 | 1 | @a生态背景下的园林景观设计@Asheng tai bei jing xia de yuan lin jing guan she ji@f李佳颖著 |
| 210 | @a长春@c吉林出版集团股份有限公司@d2024.04 | |
| 215 | @a200页@d24cm | |
| 320 | @a有书目 (第199-200页) | |
| 330 | @a本书基于生态背景对园林景观设计进行分析, 先是从园林景观概述入手, 介绍了园林景观的功能构成, 园林景观规划设计内容、分类和原理, 接着深入探讨了生态视角下植物景观规划设计以及生态视角下不同区域景观设计, 并在生态视角下景观艺术设计创新方面做出了重要探讨。 | |
| 606 | 0 | @a园林设计@Ayuan lin she ji@x景观设计 |
| 690 | @aTU986.2@v5 | |
| 701 | 0 | @a李佳颖@Ali jia ying@4著 |
| 801 | 0 | @aCN@c20250909 |
| 905 | @a河南城建学院图书馆@dTU986.2@eL180@f1 | |
| 生态背景下的园林景观设计/李佳颖著.-长春:吉林出版集团股份有限公司,2024.04 |
| 200页;24cm |
| ISBN 978-7-5731-4824-7:CNY78.00 |
| 本书基于生态背景对园林景观设计进行分析, 先是从园林景观概述入手, 介绍了园林景观的功能构成, 园林景观规划设计内容、分类和原理, 接着深入探讨了生态视角下植物景观规划设计以及生态视角下不同区域景观设计, 并在生态视角下景观艺术设计创新方面做出了重要探讨。 |
| ● |
| 相关链接 |
|
|
|
正题名:生态背景下的园林景观设计
索取号:TU986.2/L180
 
预约/预借
| 序号 | 登录号 | 条形码 | 馆藏地/架位号 | 状态 | 备注 |
| 1 | 1625061 | 216250615 | 建筑库201/201建筑库 98排2列3层/ [索取号:TU986.2/L180] | 在馆 |